zpět

Detail výsledku týmu

Restaurace Mádl, Velké Bílovice

Datum a čas kvízu

15 Celkem bodů Celkový počet nahraných bodů na tomto kvízu bez doplňovacích otázek.
4. Pořadí na kvízu Konečné umístění týmu na tomto kvízu.

Zaznamenané odpovědi

# Otázka Odpověď Body Výsledky
1. Minulý týden rozbouřil vody če... Vondráček s kolegou vyskočili na předsednický pult a hráli na kytary. 1
2. Inzerát místních úřadů na míst... Srí Lanka 0
3. Tři interpreti dostali v úter... Lucie, Barbora Poláková 0
4. Nultý den na ženevském výstavi... B 0
5. Ve středečních zápasech Ligy m... Penalty byly nařízeny s pomocí videa. 1
6. V prvních čtyřech otázkách tém... Alois Jirásek, Staré pověsti české 0
7. „Vstávej!“ ...Meduna krásně př... Karel Poláček, Muži v offsidu 0
8. "Mé nejstarší vzpomínky... To... Karel Čapek, Hovory s TGM 0
9. „Drva hlaďúnký, bílúnký, a tak... Rudolf Těsnohlídek, Liška Bystrouška 0
10. "V jednom kupé druhé třídy ryc... B 1